Central Library OPAC University of Rajshahi

Sustainable agriculture : (Record no. 68725)

MARC details
000 -LEADER
fixed length control field 00777nam a2200241 a 4500
001 - CONTROL NUMBER
control field 68725
003 - CONTROL NUMBER IDENTIFIER
rucl marc code BD-RjUL
005 - DATE AND TIME OF LATEST TRANSACTION
control field 20211209081813.0
008 - FIXED-LENGTH DATA ELEMENTS--GENERAL INFORMATION
fixed length control field 170405s2007 ii ao||| |||| 001 0 eng d
020 ## - INTERNATIONAL STANDARD BOOK NUMBER
International Standard Book Number 8183210805
035 ## - SYSTEM CONTROL NUMBER
System control number (BD-RjUL)68935
040 ## - CATALOGING SOURCE
Original cataloging agency BD-RjUL
Language of cataloging eng
Transcribing agency BD-RjUL
041 ## - LANGUAGE CODE
Language code of text/sound track or separate title eng
082 ## - DEWEY DECIMAL CLASSIFICATION NUMBER
Edition number 23
Classification number 630.954
Author mark and year SUS 2007
245 00 - TITLE STATEMENT
Title Sustainable agriculture :
Remainder of title Status and prospects /
Statement of responsibility, etc. [editor and] course director, P.N. Kalla ; course coordinators, Anita Singh ... [et al.].
260 ## - PUBLICATION, DISTRIBUTION, ETC. (IMPRINT)
Place of publication, distribution, etc. Udaipur :
Name of publisher, distributor, etc. Agrotech Pub. Academy,
Date of publication, distribution, etc. ©2007
300 ## - PHYSICAL DESCRIPTION
Pagination 192 p. :
Illustrations ill. ;
Size 23 cm
500 ## - GENERAL NOTE
General note Includes inedx
650 ## - SUBJECT ADDED ENTRY--TOPICAL TERM
Topical term or geographic name as entry element Sustainable agriculture.
9 (RLIN) 203696
Geographic subdivision India.
700 ## - ADDED ENTRY--PERSONAL NAME
Personal name Kalla, P.N.
Personal name Singh, Anita
942 ## - ADDED ENTRY ELEMENTS (KOHA)
Source of classification or shelving scheme Dewey Decimal Classification
Koha item type Books
Holdings
Lost status Source of classification or shelving scheme Damaged status Not for loan Collection code Permanent Location Current Location Shelving location Date acquired Source of acquisition Cost, normal purchase price Total Checkouts Full call number Date last seen Copy number Koha item type
  Dewey Decimal Classification   Not For Loan Non-fiction Central Library, University of Rajshahi Central Library, University of Rajshahi Reading Room 09/12/2021 Dhaka, Paragon Enterprise ltd. 850.00   630.954 SUS 2007 05/04/2017 C-1 Books